00612nam a2200181Ia 4500008004100000020001500041041001200056082001600068100001700084245006600101260003100167300000800198650001800206700001300224942000700237999001500244952017100259221030s9999 xx 000 0 und d a8186555218 aEnglish a105.23bMit aG. K. Mithal 0aEngineering Economics & Managementcby G. K. Mithal, R Mittal bG. K. PubaNew Delhic1996 a323 aBE Management aR Mittal cBK c2290d2290 pBE 1078g70.00l0o105.23 Mitr2024-06-13 00:00:00w2022-10-30yBK003Print4070aMIETLIBbMIETLIBcBL-Academic Block- A, FL-1, CUP-89, SH-3, R-3d2000-02-1210HBE